Histoire de France : cours moyen 1re et 2e années
Guardado en:
| Autores principales: | , |
|---|---|
| Formato: | Libro |
| Lenguaje: | francés |
| Publicado: |
Paris :
Librairie Armand Colin
1956
|
| Catálogo: | MANES: Resultados de Búsqueda del Catálogo |
| Clasificación de libros de texto: |
|
| Materias: | |
| Etiquetas: |
Agregar Etiqueta
Sin Etiquetas, Sea el primero en etiquetar este registro!
|
| Añadido a: | 2019-11-10 |
| Cambiado en: | 2025-05-07 |
MARC
| LEADER | 00000nam a22000004i 4500 | ||
|---|---|---|---|
| 001 | .b7352094 | ||
| 003 | ES-BaCBU | ||
| 005 | 20250507130157.0 | ||
| 008 | 191111s1956 fr ab||b |||| 0|| 0 fre|c | ||
| 040 | |a ES-BaUB |b cat |e rda |c ES-BaUB | ||
| 100 | 1 | |a Personne, éliane, |e autor |9 34636 | |
| 245 | 1 | 0 | |a Histoire de France : |b cours moyen 1re et 2e années / |c é. Personne, M. Ballot et G. Marc |
| 264 | 1 | |a Paris : |b Librairie Armand Colin, |c 1956 | |
| 300 | |a 255 pàgines : |b il·lustracions, mapes ; |c 22 cm | ||
| 336 | |a text |b txt |2 rdacontent | ||
| 337 | |a sense mediació |b n |2 rdamedia | ||
| 338 | |a volum |b nc |2 rdacarrier | ||
| 500 | |a A la portada: 310 photographies, 10 cartes, 12 planches hors-texte en couleurs | ||
| 546 | |a España | ||
| 561 | |5 es-CRAI |a España. Biblioteca Universitat de Barcelona |k MANES | ||
| 690 | 0 | |a HI | |
| 648 | 7 | |a 1956 |2 thub |9 34637 | |
| 691 | 0 | |a PRI | |
| 700 | 1 | |a Ballot, Marc, |e autor |9 34638 |a Marc, Georges, |9 34639 | |
| 856 | |y Registro en Cercabib - CRAI | ||
| 942 | |2 ddc |c BK | ||
| 999 | |c 90713 |d 90713 | ||
| 999 | |c manes:90713 |d 90713 | ||